000 00322nam a22001097a 4500
008 160512b xxu||||| |||| 00| 0 eng d
020 _a0306403838
041 _aeng
080 _a616.12
245 _aThe pulmonary and bronchial circulations in congenital heart disease:
_cColin M. Bloor; Averill A. Liebow;
942 _2udc
_cBK
999 _c2109
_d2109